000 nam a22 7a 4500
999 _c329296
_d329296
003 Nust
005 20170502143251.0
008 170502b xxu||||| |||| 00| 0 eng d
040 _cDLC
082 _a363.73874 NRC
245 _aInforming Desisions in a Changing Climate
942 _2ddc
_cBK